Responses for show #1636 - Monday, October 14, 1991

Leszek Pawlowicz game 3.

Contestants

[<< previous game]

Jim Ciolek, an account aide from Lansing, Michigan

Michele Boxberger, an information analyst from Pittsburgh, Pennsylvania

Leszek Pawlowicz, a materials scientist from Phoenix, Arizona (whose 2-day cash winnings total $23,401)

[next game >>]

Jeopardy! Round responses

MUSICAL INSTRUMENTS
TRAVEL & TOURISM
BREAKFAST CEREALS
THE NEW TESTAMENT
LIBRARIES
KENTUCKIANS
    $100 1
a ukulele

Leszek
    $100 23
the Eiffel Tower

Leszek
    $100 3
Teenage Mutant Ninja Turtles

Jim
    $100 6
Judas

Leszek
    $100 17
the Vatican library

Leszek
    $100 12
Diane Sawyer

Jim
    $200 2
a piano

Jim
    $200 24
(Alex: We have a minute to go in the round.)

the Rock of Gibraltar

Leszek
    $200 4
Captain Crunch

Leszek
    $200 22
the palm tree

Leszek
    $200 18
Ben Franklin

Leszek
    $200 13
Judge Roy Bean

Leszek
    $300 7
the vibes (vibraphone)

Leszek
    $300 25
(Jim: What is Brussels?)

Belgium

MicheleJim
    $300 5
(Jim: Oh, let's see... what is... oh, Wheat)

Uncle Sam

MicheleJim
    $500 28
(Leszek: Who are Peter and Paul?)
...
[The end-of-round signal sounds.]

Peter and Andrew

Leszek
    $300 19
the Mayo Clinic

Leszek
    $300 14
Steve Cauthen

Leszek
    $400 8
the fife

Leszek
    $400 26
Indonesia

Leszek
    $400 10
Common Sense

Leszek
    $400 20
Reno

Jim
    $400 15
Loretta Lynn

Michele
    $500 9
the double bass

Leszek
    $500 27
Vienna

Leszek
    $500 11
Alpha-Bits

Leszek
    $500 21
Indiana

Jim
    $500 16
(Leszek: Um... who is Oliver Wendell Holmes?)
(Jim: Who is Felix Frankfurter?)

Louis Brandeis

LeszekJim
Triple Stumper

Scores at the first commercial break (after clue 14):

Leszek Michele Jim
$3,000 $300 $100

Scores at the end of the Jeopardy! Round:

Leszek Michele Jim
$4,000 $1,000 $200

Double Jeopardy! Round responses

U.S. STATES
LITERARY CHARACTERS
HISTORY
CATS
BUSINESS BIGGIES
ANGLO-FILE
    $200 3
Idaho

Leszek
    $200 8
Alice in Wonderland

Jim
    $200 16
Buddhism

Jim
    $200 26
(Leszek: What is caterwailing?)

a caterwauling

LeszekJim
    $200 1
General Motors

Jim
    $200 21
the garter snake

Leszek
    $400 4
Michigan

Leszek
    $400 9
Heathcliff

Leszek
    $400 17
Byzantium

Leszek
    $400 27
a tabby cat

Leszek
    $400 2
Prudential

Leszek
    $400 22
dictionary

Leszek
    $600 5
(Jim: What is North Dakota?)
(Leszek: What is Nevada?)

Wyoming

LeszekJim
Triple Stumper
    $600 10
Long John Silver

Jim
    $600 18
Saudi Arabia

Leszek
    $600 28
a Manx

Leszek
    $600 11
Michael Jackson

Leszek
    $600 23
Tudor

Leszek
    $800 6
Montana

Leszek
    $800 14
a Connecticut Yankee

Jim
    $800 19
(Alex: Once married to Rita Hayworth.)

Prince Aly Khan

Triple Stumper
    $800 29
(Jim: What is an airulophile?)
...
(Alex: We are checking on your response, Jim; that's something we had not anticipated.)
...
(Alex: [Before revealing the Final Jeopardy! clue] He said "airulophile" instead of "ailurophile". Had he said "ailurophile" it would have presented us with a tough decision, but we probably would have ruled in his favor since the word is synonymous with [*].)

a cat fancier

Jim
Triple Stumper
    $800 12
StarKist

Jim
    $800 24
(Alex: We have less than a minute to go.)

Disraeli

Leszek
    $1000 7
(Jim: What is... California?)
(Michele: What is Massachusetts?)

Missouri or Tennessee

MicheleJim
Triple Stumper
    $1000 15
Willie Stark

Jim
    $2,200 20
(Leszek: Who is Huguenot?)

John Calvin

Leszek
    $1000 30
the dewclaw

Triple Stumper
    $1000 13
U.S. Air

Leszek
    $1000 25
Beau Brummell

Jim

Scores at the end of the Double Jeopardy! Round:

Leszek Michele Jim
$8,800 $0 $2,800
(lock game)

[wagering suggestions for these scores]

Final Jeopardy! Round responses

WORLD WAR II
JimWhat is the Bismark?
$2,799
LeszekWhat is the Bismarck?
$2,800
the Bismarck

Final scores:

Leszek Michele Jim
$11,600 $0 $5,599
3-day champion: $35,001 3rd place: Nicolet men's & ladies' watches + Nintendo Entertainment System with Super Jeopardy! & Wheel of Fortune + InfoGenius for Game Boy 2nd place: Broyhill bedroom set & Burlington comforter ensemble

Game dynamics:

Coryat scores:

Leszek Michele Jim
$11,500 $0 $2,800
33 R
(including 1 DD),
5 W
(including 2 DDs)
3 R,
1 W
14 R,
6 W

Combined Coryat: $14,300

The J! Archive is created by fans, for fans. The Jeopardy! game show and all elements thereof, including but not limited to copyright and trademark thereto, are the property of Jeopardy Productions, Inc. and are protected under law. This website is not affiliated with, sponsored by, or operated by Jeopardy Productions, Inc. Join the discussion at JBoard.tv.